| 000 | 00695nam a2200241Ia 4500 | ||
|---|---|---|---|
| 003 | OSt | ||
| 005 | 20221007065441.0 | ||
| 006 | a|||||r|||| 00| 0 | ||
| 007 | ta | ||
| 008 | 221006b |||||||| |||| 00| 0 eng d | ||
| 024 | _a3,218 | ||
| 037 | _cTextual | ||
| 040 |
_aFLL _cFLL _beng |
||
| 041 |
_2eng _aeng |
||
| 082 | _aZ2853, N3 | ||
| 100 |
_aChaturvedi A.N. _9681607 |
||
| 245 | 0 | _aPrinciples and forms of pleadings and conveyancintg with advocacy and professional ethics | |
| 260 |
_aFaridabad _bAllahabad India _c1993 |
||
| 300 |
_axviii 424 _ccm. |
||
| 650 |
_aPleadings _9684556 |
||
| 942 |
_hZ2853, N3 _cTEXL _2CC |
||
| 999 |
_c1137326 _d1137326 |
||